Human communication

Bibliographic Details
Main Author: Tubbs, Stewart L
Format: Book
Published: New York : McGraw-Hill , 1994
Subjects:

MARC

LEADER 00000cam a2200000 7i4500
001 0000002418
002 000002635
005 20000330.0
020 |a 0070654875 
090 0 0 |a 302.2   |b TUB 
100 1 |a Tubbs, Stewart L 
245 1 0 |a Human communication   |c Stewart L. Tubbs and Sylvia Moss 
260 |a New York :   |b McGraw-Hill ,   |c 1994 
300 |a 557p. ;   |c 23cm. 
650 0 0 |a Communication 
999 |a 036041   |b BUKU   |c PINJAMAN   |e PERPUSTAKAAN KOMUNITI PETALING JAYA